Best NBA Player By Number. !!!!ACCORDING TO ESPN!!!! - Statistics

General Stats
  • This quiz has been taken 23 times
  • The average score is 37 of 88
Answer Stats
Number Team Answer % Correct
44 Lakers Jerry West
100%
8 Lakers Kobe Bryant
100%
24 Lakers Kobe Bryant
100%
6 Cavs/Lakers LeBron James
100%
0 Thunder Russell Westbrook
100%
33 Bucks/Lakers Kareem Abdul-Jabbar
95%
23 Bulls Michael Jordan
95%
41 Mavericks Dirk Nowitzki
90%
2 Spurs/Raptors Kawhi Leonard
90%
35 Thunder/Warriors Kevin Durant
90%
3 76ers Allen Iverson
86%
34 Rockets Hakeem Olajuwon
86%
11 Pistons Isiah Thomas
86%
15 Nuggets Nikola Jokic
86%
31 Pacers Reggie Miller
86%
30 Warriors Stephen Curry
86%
21 Spurs Tim Duncan
86%
1 Raptors/Rockets Tracy McGrady
86%
13 Warriors Wilt Chamberlain
86%
9 Hawks Bob Pettit
81%
12 Jazz John Stockton
81%
32 Lakers Magic Johnson
81%
5 Nets Jason Kidd
76%
36 Celtics Shaquille O'Neal
76%
7 Nuggets Carmelo Anthony
71%
50 Spurs David Robinson
71%
70 Mavericks Dennis Rodman
71%
73 Lakers Dennis Rodman
71%
91 Bulls Dennis Rodman
71%
14 Royals Oscar Robertson
71%
20 Supersonics/Heat Gary Payton
67%
17 Celtics John Havlicek
67%
77 Mavericks Luka Doncic
67%
00 Celtics Robert Parish
67%
55 Hawks Dikembe Mutombo
62%
40 Supersonics Shawn Kemp
57%
10 Knicks Walt Frazier
57%
22 Lakers Elgin Baylor
52%
27 Timberwolves Rudy Gobert
48%
84 Pistons Chris Webber
38%
99 Lakers George Mikan
38%
4 Nationals Dolph Schayes
33%
19 Knicks Willis Reed
33%
83 Trailblazers Craig Smith
29%
18 Celtics Dave Cowens
29%
25 Lakers Gail Goodrich
29%
53 Bulls Artis Gilmore
24%
54 Lakers Horace Grant
24%
26 Hawks Kyle Korver
24%
37 Lakers Metta World Peace
24%
96 Rockets Metta World Peace
24%
93 Kings Ron Artest
24%
85 Cavaliers Baron Davis
19%
39 Jazz Dwight Howard
19%
16 Royals Jerry Lucas
19%
38 Pistons Kwame Brown
19%
42 Lakers Nate Thurmond
19%
47 Jazz Andrei Kirilenko
14%
52 Warriors Jamaal Wilkes
14%
28 Warriors Andre Iguodala
10%
94 Magic Evan Fournier
10%
43 Supersonics Jack Sikma
10%
51 Kings Reggie King
10%
45 Rockets Rudy Tomjanovich
10%
76 Mavericks Shawn Bradley
10%
60 Celtics Jonathan Gibson
5%
88 Trailblazers Nicolas Batum
5%
67 Timberwolevs Taj Gibson
5%
66 Lakers Andrew Bogut
0%
46 Suns Aron Baynes
0%
89 Lakers Clyde Lovelette
0%
63 Celtics Coty Clarke
0%
61 Royals Dave Piontek
0%
95 Lakers DeAndre' Bembry
0%
92 Mavericks DeShawn Stevenson
0%
90 Wizards Drew Gooden
0%
56 Nuggets Francisco Elson
0%
65 Nationals George Ratkovicz
0%
57 Warriors Hilton Armstrong
0%
98 Wizards Jason Collins
0%
72 76ers Jason Kapono
0%
81 Cavaliers Jose Calderon
0%
48 Bulls Nazr Mohammed
0%
29 Kings Paul Silas
0%
62 Pacers Scot Pollard
0%
86 Celtics Semih Erden
0%
49 Jazz Shandon Anderson
0%
71 Knicks Willie Naulls
0%
No matching quizzes found
Score Distribution
Percent of People with Each Score
Percentile by Number Answered
Your Score History
You have not taken this quiz